Т. 8, № 10; Украинский физический журнал

ग्रंथसूची विवरण
Parent link:Украинский физический журнал/ Академия наук УССР. Т. 8, № 10.— , 1957-1994.— 0503-1265
भाषा:रूसी
यूक्रेनियाई
प्रकाशित: 1963
स्वरूप: MixedMaterials पुस्तक
KOHA link:https://koha.lib.tpu.ru/cgi-bin/koha/opac-detail.pl?biblionumber=447852

MARC

LEADER 00000nam2a2200000 4500
001 447852
005 20231101082827.0
035 |a (RuTPU)RU\TPU\prd\109819 
035 |a RU\TPU\prd\109811 
090 |a 447852 
100 |a 20110516a19561994k y0rusy50 ca 
101 0 |a rus  |a ukr 
102 |a RU 
200 0 |a Т. 8, № 10 
210 |d 1963 
461 1 |0 (RuTPU)RU\TPU\prd\393  |x 0503-1265  |t Украинский физический журнал  |f Академия наук УССР  |v Т. 8, № 10  |d 1957-1994 
801 0 |a RU  |b 63413507  |c 20010227  |g PSBO 
801 1 |a RU  |b 63413507  |c 20020305  |g PSBO 
801 2 |a RU  |b 63413507  |c 20110516  |g PSBO 
942 |c BK 
999 |a НТБ_ТПУ  |b НФ  |e -8/20110111  |p П-6169  |u 0,00  |v 1